Statistics for Overwatch Event Game-Modes

Click here to take the quiz!

General Stats

  • This quiz has been taken 6 times
    (5 since last reset)
  • The average score is 14 of 27

Answer Stats

HintAnswer% Correct
2016 (PVE)Junkenstein's Revenge
100%
2023 (PVP)April Fool's Patch 2023
67%
2024 (PVP)April Fool's Patch 2024
67%
2022 (PVP)Battle for Olympus
67%
2023 (PVPVE)Battle of the Beasts
67%
2024 (PVE)Cosmic Crisis
67%
2023 (PVP)Defeat the Demon Lord
67%
2022 (PVE)Junkenstein's Wrath of the Bride
67%
2016 (PVP)Lucioball
67%
2016 (PVP)Mei's Snowball Offensive
67%
2024 (PVP)Mirrorwatch
67%
2023 (PVP)Mischief and Magic
67%
2023 (PVPVE)Starwatch: Galactic Rescue
67%
2023 (PVP)Winston's Beach Volleyball
67%
2023 (PVP)B.O.B. and Weave
33%
2017 (PVP)Capture the Flag
33%
2018 (PVP)Capture the Flag Blitz
33%
2020 (PVP)Freeze-thaw Elimination
33%
2023 (PVP)Le Sserafim
33%
2021 (PVP)Pachi Marchi
33%
2018 (PVE)Retribution
33%
2019 (PVE)Storm Rising
33%
2023 (PVE)Trials of Sanctuary
33%
2023 (PVE)Underworld
33%
2017 (PVE)Uprising
33%
2017 (PVP)Yeti Hunt
33%
2023 (PVP)Ultimate Valentines
0%

Score Distribution

Percentile by Number Answered

Percent of People with Each Score

Your Score History

You have not taken this quiz since the last reset